书目信息 |
| 题名: |
传输原理
|
|
| 作者: | 朱光俊 主编 | |
| 分册: | ||
| 出版信息: | 北京 冶金工业出版社 2009.7 |
|
| 页数: | 305页 | |
| 开本: | 26cm | |
| 丛书名: | ||
| 单 册: | ||
| 中图分类: | O369 | |
| 科图分类: | ||
| 主题词: | 动量传递--教材--高等学校 , 传热传质学--教材--高等学校 , 物理力学 | |
| 电子资源: | ||
| ISBN: | 978-7-5024-4934-6 | |
| 000 | 01427nam0 2200289 450 | |
| 001 | 1625 | |
| 001 | 01XX07518344@CSLN | |
| 005 | 20161130141327.95 | |
| 010 | @a978-7-5024-4934-6@dCNY42.00 | |
| 100 | @a20090717d2009 ekmy0chiy0120 ea | |
| 101 | 0 | @achi |
| 102 | @aCN@b110000 | |
| 105 | @aak a 000yy | |
| 200 | 1 | @a传输原理@f朱光俊主编@Achuan shu yuan li |
| 210 | @a北京@c冶金工业出版社@d2009.7 | |
| 215 | @a305页@c图@d26cm | |
| 300 | @a高等学校规划教材 | |
| 320 | @a有书目{第305页} | |
| 330 | @a本书由动量传输、热量传输、质量传输三篇,共18章组成。动量传输部分有动量传输的基本概念、动量传输的基本定律、管流流动、边界层流动、流体的流出、射流、冶金与材料制备及加工中的动量传输和相似原理与量纲分析等内容;热量传输部分有热量传输基本概念及基本定律、传导传热、对流换热、辐射换热和冶金与材料制备及加工中的热量传输等内容;质量传输部分有质量传输基本概念及基本定律、扩散传质、对流传质、冶金与材料制备及加工中的质量传输以及动量、热量、质量传输的类比等内容。全书注重从三种传输类似角度阐述流体流动过程、传热过程以及传质过程的传输基础理论,并力求将这些基础理论应用于冶金与材料制备及加工工程实践中。 | |
| 333 | @a冶金工程、材料制备工程、材料加工工程等专业的本科生及相关读者。 | |
| 606 | 0 | @a动量传递@j教材@x高等学校 |
| 606 | 0 | @a传热传质学@j教材@x高等学校 |
| 606 | 0 | @a物理力学 |
| 690 | @aO369@v4 | |
| 701 | 0 | @a朱光俊@4主编@Azhu guang jun |
| 801 | 0 | @aCN@b大连网信软件有限公司图书馆·11@c20161130 |
| 905 | @aZUCC@dO369@e8 | |
| 传输原理/朱光俊主编.-北京:冶金工业出版社,2009.7 |
| 305页:图;26cm |
| 高等学校规划教材.-使用对象:冶金工程、材料制备工程、材料加工工程等专业的本科生及相关读者。 |
| ISBN 978-7-5024-4934-6:CNY42.00 |
| 本书由动量传输、热量传输、质量传输三篇,共18章组成。动量传输部分有动量传输的基本概念、动量传输的基本定律、管流流动、边界层流动、流体的流出、射流、冶金与材料制备及加工中的动量传输和相似原理与量纲分析等内容;热量传输部分有热量传输基本概念及基本定律、传导传热、对流换热、辐射换热和冶金与材料制备及加工中的热量传输等内容;质量传输部分有质量传输基本概念及基本定律、扩散传质、对流传质、冶金与材料制备及加工中的质量传输以及动量、热量、质量传输的类比等内容。全书注重从三种传输类似角度阐述流体流动过程、传热过程以及传质过程的传输基础理论,并力求将这些基础理论应用于冶金与材料制备及加工工程实践中。 |
| ● |
| 相关链接 |
|
|
|
|
正题名:传输原理
索取号:O369/8
 
预约/预借
| 序号 | 登录号 | 条形码 | 馆藏地/架位号 | 状态 | 备注 |
| 1 | 909062 | 209090623 | 第二样本阅览室/ [索取号:O369/8] | 在馆 | |
| 2 | 909063 | 209090632 | 第三借阅区/ [索取号:O369/8] | 在馆 | |
| 3 | 909064 | 209090641 | 第三借阅区/ [索取号:O369/8] | 在馆 | |
| 4 | 909065 | 209090650 | 第三借阅区/ [索取号:O369/8] | 在馆 | |
| 5 | 909066 | 209090669 | 第三借阅区/ [索取号:O369/8] | 在馆 |